Lectures on international trade / (Record no. 614409)

000 -LEADER
fixed length control field 01052cam a2200325 a 4500
001 - CONTROL NUMBER
control field 3751410
005 - DATE AND TIME OF LATEST TRANSACTION
control field 20250717113212.0
008 - FIXED-LENGTH DATA ELEMENTS--GENERAL INFORMATION
fixed length control field 820914s1983 maua b 001 0 eng
010 ## - LIBRARY OF CONGRESS CONTROL NUMBER
LC control number 82018030
020 ## - INTERNATIONAL STANDARD BOOK NUMBER
International Standard Book Number 0262021854
020 ## - INTERNATIONAL STANDARD BOOK NUMBER
International Standard Book Number 9780262021852
035 ## - SYSTEM CONTROL NUMBER
System control number 3751410
040 ## - CATALOGING SOURCE
Original cataloging agency DLC
Transcribing agency DLC
Modifying agency DLC
050 00 - LIBRARY OF CONGRESS CALL NUMBER
Classification number HF1411
Item number .B468 1983
082 00 - DEWEY DECIMAL CLASSIFICATION NUMBER
Classification number 382
Author Mark BHA
100 1# - MAIN ENTRY--PERSONAL NAME
Personal name Bhagwati, Jagdish N.,
Dates associated with a name 1934-
9 (RLIN) 129904
245 10 - TITLE STATEMENT
Title Lectures on international trade /
Statement of responsibility, etc. Jagdish N. Bhagwati, T.N. Srinivasan.
260 ## - PUBLICATION, DISTRIBUTION, ETC.
Place of publication, distribution, etc. Cambridge, Mass. :
Name of publisher, distributor, etc. MIT Press,
Date of publication, distribution, etc. c1983.
300 ## - PHYSICAL DESCRIPTION
Extent xi, 414 p. :
Other physical details ill. ;
Dimensions 24 cm.
336 ## - CONTENT TYPE
Content type term text
Content type code txt
Source rdacontent
337 ## - MEDIA TYPE
Media type term unmediated
Media type code n
Source rdamedia
338 ## - CARRIER TYPE
Carrier type term volume
Carrier type code nc
Source rdacarrier
504 ## - BIBLIOGRAPHY, ETC. NOTE
Bibliography, etc. note Includes bibliographies and index.
650 #0 - SUBJECT ADDED ENTRY--TOPICAL TERM
Topical term or geographic name entry element International trade.
650 #0 - SUBJECT ADDED ENTRY--TOPICAL TERM
Topical term or geographic name entry element Commercial policy.
9 (RLIN) 37182
700 1# - ADDED ENTRY--PERSONAL NAME
Personal name Srinivasan, T. N.,
Dates associated with a name 1933-
9 (RLIN) 129905
906 ## - LOCAL DATA ELEMENT F, LDF (RLIN)
a 7
b cbc
c orignew
d 1
e ocip
f 19
g y-gencatlg
942 ## - ADDED ENTRY ELEMENTS (KOHA)
Source of classification or shelving scheme
Koha item type Book
Holdings
Withdrawn status Lost status Source of classification or shelving scheme Damaged status Not for loan Permanent Location Current Location Date acquired Total Checkouts Full call number Barcode Date last seen Price effective from Koha item type
          NUST Law School (NLS) NUST Law School (NLS) 07/17/2025   382 BHA NLSD-277 07/17/2025 07/17/2025 Book
© 2023 Central Library, National University of Sciences and Technology. All Rights Reserved.